Cuentos de verdad (Registro nro. 23220)

Detalles MARC
000 -CABECERA
Longitud fija campo de control 00596cam a2200205 4500
003 - IDENTIFICADOR DELl NÚMERO DE CONTROL
Identificador del número de control OSt
005 - FECHA Y HORA DE LA ÚLTIMA TRANSACCIÓN
Fecha y hora de la última transacción 20151105164834.0
008 - CÓDIGOS DE INFORMACIÓN DE LONGITUD FIJA
Códigos de información de longitud fija 000629s2000 sp a b 000 1 spa
020 ## - NÚMERO INTERNACIONAL NORMALIZADO PARA LIBROS
Número Internacional Normalizado para Libros (ISBN) 84-376-1782-0
040 ## - FUENTE DE LA CATALOGACIÓN
Centro transcriptor BMC
082 ## - NÚMERO DE LA CLASIFICACIÓN DECIMAL DEWEY
Númeroo de clasificación 808.83146
100 1# - PUNTO DE ACCESO PRINCIPAL-NOMBRE DE PERSONA
Nombre de persona Fraile, Medardo
9 (RLIN) 37020
Fechas asociadas al nombre 1925-2013
245 10 - MENCIÓN DE TÍTULO
Título Cuentos de verdad
Mención de responsabilidad, etc. Medardo Fraile ; edición de María del Pilar Palomo
260 ## - PUBLICACIÓN, DISTRIBUCIÓN, ETC. (PIE DE IMPRENTA)
Lugar de publicación, distribución, etc. Madrid
Nombre del editor, distribuidor, etc. Cátedra
Fecha de publicación, distribución, etc. cop. 2000
300 ## - DESCRIPCIÓN FÍSICA
Extensión 354 p.
Dimensiones 18 cm
490 ## - MENCIÓN DE SERIE
Mención de serie Letras hispánicas
Designación de volumen o secuencia 478
650 24 - PUNTO DE ACCESO ADICIONAL DE MATERIA - TÉRMINO DE MATERIA
9 (RLIN) 30991
Término de materia o nombre geográfico como elemento inicial Cuentos españoles
700 1# - PUNTO DE ACCESO ADICIONAL - NOMBRE DE PERSONA
Nombre de persona Palomo, María del Pilar
9 (RLIN) 30986
942 ## - ENTRADA DE ELEMENTOS AGREGADOS (KOHA)
Fuente de clasificaión o esquema Dewey Decimal Classification
Koha [por defecto] tipo de item 1- Monografias
Existencias
Suprimido Perdido Fuente de clasificación o esquema Estropeado Restricciones de uso No para préstamo Código de colección Localización permanente Localización actual Localización en estanter&íacute;as Fecha adquisición Fuente de adquisición Número de inventario Préstamos totales Signatura completa Código de barras Fecha última consulta Coste, precio reemplazado Fecha del precio de reemplazo Tipo de item de Koha
NULL NULL Dewey Decimal Classification NULL Prestable NULL NULL Biblioteca Miguel de Cervantes - UNICAES Biblioteca Miguel de Cervantes - UNICAES Sala Principal 31/08/2015 Donación - ADESH 030785   C FRA cue 1034824 28/10/2015 7.00 28/10/2015 1- Monografias